Представление документа в формате RUSMARC

ПолеНазваниеЗначение
  Тип записи a
  Библиографический уровень m
001 Контрольный номер RU/CBS_UL/BASE/51dc24848d3340a3ab24f6c84912f624
005 Дата корректировки 20260317115322.2
010 Индекс ISBN __
a ISBN 978-5-4484-4651-1
b Уточнения в пер.
d Цена 701 р. 25 к.
9 Тираж 1 200 экз.
100 Данные общей обработки __
a Данные общей обработки 20171011d2017 ||| 0rusy0189 ca
101 Язык документа 0_
a Язык текста rus
102 Страна публикации __
a Страна публикации RU
105 Кодированные данные (монография) __
a Кодированные данные (монография) y###||||000|y
200 Заглавие и сведения об ответственности 1_
a Заглавие Сибирь, Сибирь...
e Сведения, относящиеся к заглавию очерки
f Первые сведения об ответственности В. Г. Распутин
210 Выходные данные 1_
a Место издания Москва
c Издательство ВЕЧЕ
d Дата издания 2024
215 Физическое описание __
a Объем 429, [2] с.
d Формат 22 см.
225 Серия 0_
a Серия Сибириада
300 Общие примечания __
a Общие примечания 12+
300 Общие примечания __
a Общие примечания Содерж.: Сибирь без романтики; Тобольск; Транссиб; Горный Алтай; Иркутск; Байкал; Кяхта [и др.]
606 Тематические рубрики 0_
a Основная рубрика Российская литература, 20-21 в. - Проза
y Географическая подрубрика Сибирь
610 Ключевые слова 0_
a Ключевые слова проза российская
a Ключевые слова литература художественная
a Ключевые слова родной край
a Ключевые слова сибирская природа
a Ключевые слова красота природы
610 Ключевые слова 0_
a Ключевые слова природа сибирская
686 Индексы других классификаций __
a Классификационный индекс 26.89(2)
2 Код системы ББК
700 Автор _1
a Фамилия Распутин
b Имя (инициалы) В. Г.
g Полное личное имя Валентин Григорьевич
852 Данные о местонахождении __
i Авторский знак Р 24
j Шифр хранения Р6
901 Тип документа __
t Тип документа m